Herodotus / (Record no. 23423)
[ view plain ]
| 000 -LEADER | |
|---|---|
| fixed length control field | 00988cam a2200289 a 4500 |
| 001 - CONTROL NUMBER | |
| control field | 23423 |
| 003 - CONTROL NUMBER IDENTIFIER | |
| rucl marc code | BD-RjUL |
| 005 - DATE AND TIME OF LATEST TRANSACTION | |
| control field | 20211209000928.0 |
| 008 - FIXED-LENGTH DATA ELEMENTS--GENERAL INFORMATION | |
| fixed length control field | 140310r19501921e abf 001 0 eng u |
| 035 ## - SYSTEM CONTROL NUMBER | |
| System control number | (BD-RjUL)23488 |
| System control number | (OCoLC)4559420 |
| 040 ## - CATALOGING SOURCE | |
| Original cataloging agency | ACL |
| Modifying agency | m.c |
| -- | OCL |
| -- | EQO |
| -- | BD-RjUL |
| Language of cataloging | eng |
| Transcribing agency | BD-RjUL |
| 041 1# - LANGUAGE CODE | |
| Language code of text/sound track or separate title | eng |
| -- | grc |
| Language code of original | grc |
| 082 04 - DEWEY DECIMAL CLASSIFICATION NUMBER | |
| Classification number | 888 |
| Author mark and year | HEH 1950 |
| 090 ## - LOCALLY ASSIGNED LC-TYPE CALL NUMBER (OCLC); LOCAL CALL NUMBER (OCLC) | |
| Classification number (OCLC) (R) ; Classification number, CALL (RLIN) (NR) | PA3612 |
| Local cutter number (OCLC) ; Book number/undivided call number, CALL (RLIN) | .H5 1921 |
| 100 0# - MAIN ENTRY--PERSONAL NAME | |
| Personal name | Herodotus. |
| 9 (RLIN) | 72137 |
| 245 10 - TITLE STATEMENT | |
| Title | Herodotus / |
| Statement of responsibility, etc. | with an English translation by A. D. Godley. |
| Number of part/section of a work | Volumes II |
| Name of part/section of a work | Books III and IV |
| 260 ## - PUBLICATION, DISTRIBUTION, ETC. (IMPRINT) | |
| Place of publication, distribution, etc. | Cambridge, Mass. ; |
| Name of publisher, distributor, etc. | Harvard University Press ; |
| Place of publication, distribution, etc. | London : |
| Name of publisher, distributor, etc. | W. Heinemann, |
| Date of publication, distribution, etc. | 1921 [reprinted 1950]. |
| 300 ## - PHYSICAL DESCRIPTION | |
| Pagination | V-4 (415 p.) : |
| Illustrations | folded maps ; |
| Size | 17 cm. |
| 504 ## - BIBLIOGRAPHY, ETC. NOTE | |
| Bibliography, etc | includes index. |
| 650 #0 - SUBJECT ADDED ENTRY--TOPICAL TERM | |
| Topical term or geographic name as entry element | History, Ancient |
| Form subdivision | Early works to 1800. |
| 9 (RLIN) | 72138 |
| 651 #0 - SUBJECT ADDED ENTRY--GEOGRAPHIC NAME | |
| Geographic name | Greece |
| General subdivision | History. |
| 9 (RLIN) | 72139 |
| 700 1# - ADDED ENTRY--PERSONAL NAME | |
| Personal name | Godley, A. D. |
| Fuller form of name | (Alfred Denis), |
| Dates associated with a name | 1856-1925. |
| 830 #0 - SERIES ADDED ENTRY--UNIFORM TITLE | |
| Uniform title | Loeb classical library. |
| 942 ## - ADDED ENTRY ELEMENTS (KOHA) | |
| Source of classification or shelving scheme | Dewey Decimal Classification |
| Koha item type | Books |
| Lost status | Source of classification or shelving scheme | Damaged status | Not for loan | Collection code | Permanent Location | Current Location | Shelving location | Date acquired | Source of acquisition | Cost, normal purchase price | Total Checkouts | Full call number | Date last seen | Copy number | Koha item type |
|---|---|---|---|---|---|---|---|---|---|---|---|---|---|---|---|
| Dewey Decimal Classification | Added to bundle | Fiction | Central Library, University of Rajshahi | Central Library, University of Rajshahi | Reading Room | 09/03/1955 | simpkin marshall | 15.00 | 888 HEH V-2 1950 | 10/03/2014 | C-1 | Books |